[Event "ITA-ch sf"]
[Site "Civitanova Marche"]
[Date "2014.07.23"]
[Round "5"]
[White "Mola, Pietro"]
[Black "Basso, Pier Luigi"]
[Result "1/2-1/2"]
[WhiteElo "2225"]
[BlackElo "2302"]
[PlyCount "128"]
[EventDate "2014.07.19"]
[EventType "swiss"]
[EventRounds "9"]
[EventCountry "ITA"]
[SourceTitle "EXT 2024"]
[Source "ChessBase"]
[SourceDate "2023.10.10"]
[SourceVersion "1"]
[SourceVersionDate "2023.10.10"]
[SourceQuality "1"]

1. Nf3 Nf6 2. c4 e6 3. g3 b6 4. Bg2 Bb7 5. 0-0 c5 6. Nc3 Be7 7. Re1 0-0 8. e4 d6 9. d4 cxd4 10. Nxd4 Qc7 11. Be3 a6 12. Rc1 Nbd7 13. f4 Rad8 14. g4 Ne5 15. Nd5 exd5 16. cxd5 Nc4 17. Qe2 Rc8 18. b3 Qd7 19. bxc4 Qxg4 20. Nf5 Rfe8 21. Qxg4 Nxg4 22. Bxb6 Bf8 23. Bd4 g6 24. Ne3 Nxe3 25. Bxe3 a5 26. Bh3 f5 27. exf5 Bxd5 28. fxg6 Rxc4 29. gxh7+ Kxh7 30. Rxc4 Bxc4 31. Bf5+ Kg8 32. Kf2 Bg7 33. a4 Bb3 34. Bd2 Bd4+ 35. Kg3 Rxe1 36. Bxe1 Bb6 37. Bd7 Kf7 38. h4 d5 39. f5 d4 40. Kf4 d3 41. Bb5 Bf2 42. Bxa5 Bxh4 43. Bc3 Bf6 44. Bd2 Bc2 45. a5 Bg7 46. Ke4 Bc3 47. Ke3 Bxa5 48. Bxa5 d2 49. Bxd2 Bxf5 50. Kf4 Bh3 51. Ke5 Bg2 52. Bg5 Kg6 53. Bf6 Kf7 54. Bd7 Bf3 55. Bd8 Bg2 56. Bg4 Kg6 57. Ke6 Be4 58. Bf6 Bd5+ 59. Ke5 Bc6 60. Bh4 Bg2 61. Ke6 Be4 62. Bd8 Bc2 63. Ke5 Bd3 64. Bd7 Kf7 1/2-1/2

[Event "ITA-ch sf"]
[Site "Civitanova Marche"]
[Date "2014.07.21"]
[Round "3"]
[White "Genocchio, Daniele"]
[Black "Mola, Pietro"]
[Result "1-0"]
[WhiteElo "2404"]
[BlackElo "2225"]
[PlyCount "68"]
[EventDate "2014.07.19"]
[EventType "swiss"]
[EventRounds "9"]
[EventCountry "ITA"]
[SourceTitle "EXT 2024"]
[Source "ChessBase"]
[SourceDate "2023.10.10"]
[SourceVersion "1"]
[SourceVersionDate "2023.10.10"]
[SourceQuality "1"]

1. e4 e5 2. Nf3 Nc6 3. Bb5 a6 4. Ba4 Nf6 5. 0-0 b5 6. Bb3 Be7 7. Re1 d6 8. c3 0-0 9. h3 Nb8 10. a4 Bb7 11. d3 Nbd7 12. Nbd2 Nc5 13. Bc2 Nxa4 14. Bxa4 bxa4 15. Qxa4 Nd7 16. d4 exd4 17. cxd4 c5 18. Nc4 Rc8 19. d5 f5 20. Na5 Ba8 21. Nc6 Bxc6 22. dxc6 Nb8 23. Qb3+ Kh8 24. exf5 d5 25. c7 Rxc7 26. Bf4 Bd6 27. Bxd6 Qxd6 28. Re6 Qd8 29. Rae1 Nc6 30. Qe3 Nb4 31. Re8 Qf6 32. Qg5 Rc8 33. Rxc8 Rxc8 34. Qh5 Rf8 1-0

[Event "Bergamo op 10th"]
[Site "Bergamo"]
[Date "2011.07.16"]
[Round "4"]
[White "Chiarion, Elisa"]
[Black "Mola, Pietro"]
[Result "1-0"]
[WhiteElo "1964"]
[BlackElo "2244"]
[PlyCount "95"]
[EventDate "2011.07.15"]
[EventType "swiss"]
[EventRounds "6"]
[EventCountry "ITA"]
[SourceTitle "EXT 2023"]
[Source "ChessBase"]
[SourceDate "2022.10.05"]
[SourceVersion "1"]
[SourceVersionDate "2022.10.05"]
[SourceQuality "1"]

1. e4 c5 2. Nf3 d6 3. d4 cxd4 4. Nxd4 Nf6 5. Nc3 a6 6. f4 Nbd7 7. Be2 g6 8. 0-0 Bg7 9. Kh1 0-0 10. a4 Qc7 11. Bf3 Rb8 12. Qe1 e5 13. Nde2 b5 14. axb5 axb5 15. Be3 b4 16. Ra7 Qc6 17. Na2 Qxc2 18. Nxb4 Qb3 19. Bd2 Bb7 20. Nc1 Qc4 21. b3 Qb5 22. Nd5 Nxd5 23. Ra5 Qb6 24. exd5 exf4 25. Bxf4 Rfe8 26. Qd2 Ne5 27. Be2 Ra8 28. Rb5 Qc7 29. Nd3 Ba6 30. Rc1 Qd8 31. Rb4 Bxd3 32. Bxd3 Rb8 33. Bf1 Qd7 34. Rxb8 Rxb8 35. b4 h5 36. h3 Rb6 37. Be3 Rb8 38. b5 Rxb5 39. Bxb5 Qxb5 40. Bh6 Kh7 41. Bxg7 Kxg7 42. Qd4 Qe2 43. Rc6 Qe1+ 44. Kh2 h4 45. Rxd6 Qg3+ 46. Kh1 f6 47. Qa7+ Kh6 48. Rxf6 1-0

[Event "Lucca op 21st"]
[Site "Lucca"]
[Date "2009.10.04"]
[Round "2"]
[White "Frugoli, Francesco"]
[Black "Mola, Pietro"]
[Result "1/2-1/2"]
[WhiteElo "2159"]
[BlackElo "2258"]
[PlyCount "66"]
[EventDate "2009.10.03"]
[EventType "swiss"]
[EventRounds "6"]
[EventCountry "ITA"]
[SourceTitle "EXT 2012"]
[Source "ChessBase"]
[SourceDate "2011.11.24"]
[SourceVersion "1"]
[SourceVersionDate "2011.11.24"]
[SourceQuality "1"]

1. e4 c5 2. c3 d5 3. exd5 Qxd5 4. d4 Nf6 5. Nf3 Nc6 6. Be2 e6 7. 0-0 cxd4 8. cxd4 Be7 9. Nc3 Qd6 10. Nb5 Qd8 11. Bf4 Nd5 12. Bg3 0-0 13. Bd3 Ncb4 14. Bb1 Bd7 15. Nc3 Nf6 16. Ne5 Bc6 17. a3 Nbd5 18. Nxc6 bxc6 19. Bd3 Qb6 20. Be5 g6 21. Qd2 Rfd8 22. Be2 Nd7 23. Bg3 Bf6 24. Rad1 Bg7 25. Ne4 a5 26. Rfe1 Ra7 27. Nd6 N7f6 28. Nc4 Qa6 29. Be5 Nd7 30. Bxg7 Kxg7 31. Qg5 N7f6 32. Rd2 h6 33. Qe5 Qc8 1/2-1/2

[Event "Bergamo op 8th"]
[Site "Bergamo"]
[Date "2009.07.17"]
[Round "1"]
[White "Pinto, Antonio2222"]
[Black "Mola, Pietro"]
[Result "0-1"]
[WhiteElo "1935"]
[BlackElo "2255"]
[PlyCount "76"]
[EventDate "2009.07.17"]
[EventType "swiss"]
[EventRounds "6"]
[EventCountry "ITA"]
[SourceTitle "EXT 2012"]
[Source "ChessBase"]
[SourceDate "2011.11.24"]
[SourceVersion "1"]
[SourceVersionDate "2011.11.24"]
[SourceQuality "1"]

1. e4 c5 2. Nf3 d6 3. d4 cxd4 4. Nxd4 Nf6 5. Nc3 a6 6. Bc4 e6 7. Bb3 b5 8. f3 Be7 9. Be3 0-0 10. Qd2 b4 11. Na4 d5 12. e5 Nfd7 13. f4 Bb7 14. 0-0 Nc6 15. Nf3 Rc8 16. Rad1 Qc7 17. Qf2 Na5 18. Nb6 Nxb6 19. Bxb6 Qxb6 20. Qxb6 Bc5+ 21. Qxc5 Rxc5 22. Nd4 Nc4 23. Bxc4 dxc4 24. c3 bxc3 25. bxc3 Be4 26. Rf2 Rb8 27. g4 g6 28. h4 Ra5 29. Re1 Bd5 30. f5 gxf5 31. gxf5 Kh8 32. fxe6 fxe6 33. Rf6 Rg8+ 34. Kf1 Rxa2 35. Nxe6 Bxe6 36. Rxe6 Rgg2 37. Rf6 Rh2 38. Rf4 Rh1# 0-1

[Event "Campobasso op-A 15th"]
[Site "Campobasso"]
[Date "2008.07.19"]
[Round "4"]
[White "Egli, Urs Martin"]
[Black "Mola, Pietro"]
[Result "0-1"]
[WhiteElo "2071"]
[BlackElo "2249"]
[PlyCount "110"]
[EventDate "2008.07.18"]
[EventType "swiss"]
[EventRounds "6"]
[EventCountry "ITA"]
[SourceTitle "EXT 2011"]
[Source "ChessBase"]
[SourceDate "2010.11.26"]
[SourceVersion "1"]
[SourceVersionDate "2010.11.26"]
[SourceQuality "1"]

1. e4 c5 2. Nf3 d6 3. d4 cxd4 4. Nxd4 Nf6 5. Nc3 a6 6. Bc4 e6 7. f4 Nxe4 8. Nxe4 d5 9. Bd3 dxe4 10. Bxe4 Nd7 11. 0-0 Nf6 12. Bf3 Bc5 13. c3 0-0 14. Kh1 Qc7 15. Nb3 Ba7 16. Qe2 Bd7 17. Re1 Bc6 18. Be3 Bxe3 19. Qxe3 Nd5 20. Qe5 Qxe5 21. fxe5 Ne7 22. Rad1 Rfd8 23. Nd4 Bd5 24. a3 Kf8 25. Rd2 Ke8 26. Kg1 Rd7 27. Red1 Rad8 28. Kf2 Ng6 29. Re1 Nh4 30. Red1 Nxf3 31. gxf3 f6 32. Re1 Kf7 33. Rde2 Re8 34. Re3 b5 35. f4 f5 36. h4 Rb7 37. Rd1 Rd8 38. Rg3 a5 39. Rdg1 Rg8 40. Rd1 Rd8 41. Rdg1 Kg8 42. Ra1 Bc4 43. Rag1 Bd5 44. Rd1 Rf8 45. Rg5 g6 46. h5 Kf7 47. hxg6+ hxg6 48. Rdg1 Rg8 49. R5g3 b4 50. axb4 axb4 51. Rh3 bxc3 52. bxc3 Rb2+ 53. Kg3 Rc8 54. Rc1 Rd2 55. Nb5 Rg2+ 0-1

[Event "Verona op 13th"]
[Site "Verona"]
[Date "2007.01.04"]
[Round "2"]
[White "Mola, Pietro"]
[Black "Pomaro, Alberto"]
[Result "1/2-1/2"]
[WhiteElo "2274"]
[BlackElo "2054"]
[PlyCount "146"]
[EventDate "2007.01.03"]
[EventType "swiss"]
[EventRounds "7"]
[EventCountry "ITA"]
[SourceTitle "CBM 116 Extra"]
[Source "ChessBase"]
[SourceDate "2007.03.07"]
[SourceVersion "1"]
[SourceVersionDate "2007.03.07"]
[SourceQuality "1"]

1. Nf3 Nf6 2. c4 g6 3. g3 Bg7 4. Bg2 0-0 5. 0-0 d6 6. d4 Nc6 7. Nc3 a6 8. h3 Rb8 9. e4 e5 10. d5 Na5 11. Nd2 c5 12. a3 Bh6 13. b4 cxb4 14. axb4 Bxd2 15. Bxd2 Nxc4 16. Bg5 Nb6 17. f4 Nbd7 18. fxe5 dxe5 19. Kh2 Qc7 20. Qb3 Qd6 21. Bh6 Re8 22. Ra2 Kh8 23. Bg5 Qe7 24. Kh1 Qd6 25. Kh2 Qe7 26. Bh4 g5 27. d6 Qe6 28. Qxe6 Rxe6 29. Bxg5 Rxd6 30. Raf2 Kg7 31. Nd1 Kg6 32. Bh4 b5 33. Ne3 Bb7 34. Rf5 h6 35. g4 Nxe4 36. Rxf7 Ng5 37. Bxg5 Bxg2 38. Kxg2 hxg5 39. Re7 Nf8 40. Rxe5 Ne6 41. Kg3 Rf8 42. Rff5 Rc6 43. Nd5 Rf7 44. h4 gxh4+ 45. Kxh4 Nd4 46. Rxf7 Kxf7 47. Re7+ Kf8 48. Rd7 Nf3+ 49. Kh5 Ne5 50. Rc7 Rd6 51. Nf4 Kg8 52. Re7 Rd4 53. Rxe5 Rxf4 54. Re6 Rxb4 55. Rxa6 Rc4 56. Rb6 b4 57. Rb7 Kf8 58. g5 Rd4 59. Kh6 Rh4+ 60. Kg6 Rf4 61. Rb8+ Ke7 62. Kg7 Rg4 63. g6 Kd6 64. Kf7 Kc5 65. g7 Kc4 66. g8Q Rxg8 67. Rxg8 b3 68. Rc8+ Kd3 69. Rb8 Kc2 70. Rc8+ Kd2 71. Ke6 b2 72. Rb8 Kc2 73. Rc8+ Kd2 1/2-1/2

[Event "Bratto op 26th"]
[Site "Bratto"]
[Date "2006.08.20"]
[Round "2"]
[White "Sax, Gyula"]
[Black "Mola, Pietro"]
[Result "1-0"]
[WhiteElo "2545"]
[BlackElo "2279"]
[PlyCount "82"]
[EventDate "2006.08.19"]
[EventType "swiss"]
[EventRounds "9"]
[EventCountry "ITA"]
[SourceTitle "CBM 113 Extra"]
[Source "ChessBase"]
[SourceDate "2006.09.14"]
[SourceVersion "1"]
[SourceVersionDate "2006.09.14"]
[SourceQuality "1"]

1. e4 c5 2. Nf3 d6 3. d4 cxd4 4. Nxd4 Nf6 5. Nc3 a6 6. f4 e6 7. Bd3 Nbd7 8. Nf3 Nc5 9. 0-0 b5 10. Qe1 Bb7 11. a3 Be7 12. b4 Nxd3 13. cxd3 0-0 14. Kh1 Rc8 15. Bd2 Nd7 16. Nd4 Bf6 17. Nb3 g6 18. Rc1 Bg7 19. Be3 Ba8 20. Qd2 f5 21. Nd4 Qf6 22. Qa2 Rfe8 23. a4 bxa4 24. Qxa4 Nb8 25. b5 e5 26. fxe5 dxe5 27. Nf3 f4 28. Bg1 Red8 29. b6 Kh8 30. Nd5 Bxd5 31. exd5 Qd6 32. Ng5 Qxd5 33. Rc7 Nd7 34. Qc4 Qxc4 35. dxc4 Nxb6 36. Bxb6 Rxc7 37. Bxc7 Rc8 38. Rb1 Kg8 39. Rb8 Rxb8 40. Bxb8 h6 41. c5 Bf8 1-0

[Event "San Marino op 2nd"]
[Site "San Marino"]
[Date "2006.06.08"]
[Round "5"]
[White "Agrifoglio, Fabio"]
[Black "Mola, Pietro"]
[Result "1/2-1/2"]
[WhiteElo "2005"]
[BlackElo "2279"]
[PlyCount "119"]
[EventDate "2006.06.03"]
[EventType "swiss"]
[EventRounds "9"]
[EventCountry "SMR"]
[SourceTitle "CBM 112 Extra"]
[Source "ChessBase"]
[SourceDate "2006.07.14"]
[SourceVersion "1"]
[SourceVersionDate "2006.07.14"]
[SourceQuality "1"]

1. d4 Nf6 2. Nf3 e6 3. Bg5 h6 4. Bxf6 Qxf6 5. e3 g6 6. Nbd2 Bg7 7. Bd3 d6 8. 0-0 0-0 9. c3 Nd7 10. Qc2 a6 11. Rfe1 e5 12. Rad1 Qe7 13. Bc4 Kh7 14. e4 Nf6 15. dxe5 dxe5 16. h3 Nh5 17. Nf1 Nf4 18. Kh2 Qf6 19. Ng1 b5 20. Be2 Nxe2 21. Rxe2 Be6 22. Ne3 c6 23. Red2 Rfd8 24. Rxd8 Rxd8 25. Rxd8 Qxd8 26. b4 h5 27. a3 Bh6 28. Nf3 Qd6 29. Qd2 Qxd2 30. Nxd2 Kg7 31. Kg1 f5 32. h4 Kf6 33. Nef1 Bf8 34. f3 Be7 35. Kf2 Bf7 36. g3 Ke6 37. Kg2 Kd6 38. exf5 gxf5 39. Ne3 Be6 40. Kf2 c5 41. Ng2 Bd8 42. Ne3 Bb6 43. Ke2 a5 44. g4 cxb4 45. cxb4 hxg4 46. fxg4 fxg4 47. Ne4+ Ke7 48. h5 axb4 49. axb4 Bxe3 50. Kxe3 Bf5 51. Nc3 Kf6 52. Nxb5 Kg5 53. Nd6 Be6 54. b5 Bd5 55. b6 Kxh5 56. b7 Bxb7 57. Nxb7 Kh4 58. Kf2 Kh3 59. Nd6 Kh2 60. Ne4 1/2-1/2

[Event "Krakow op"]
[Site "Krakow"]
[Date "2005.01.03"]
[Round "8"]
[White "Mola, Pietro"]
[Black "Wozniak, Maciej"]
[Result "1/2-1/2"]
[WhiteElo "2294"]
[BlackElo "2148"]
[PlyCount "56"]
[EventDate "2004.12.27"]
[EventType "swiss"]
[EventRounds "9"]
[EventCountry "POL"]
[SourceTitle "CBM 104 Extra"]
[Source "ChessBase"]
[SourceDate "2005.03.01"]
[SourceVersion "1"]
[SourceVersionDate "2005.03.01"]
[SourceQuality "1"]

1. Nf3 d5 2. c4 c6 3. g3 Nf6 4. Bg2 Nbd7 5. cxd5 cxd5 6. Nc3 e5 7. d4 e4 8. Ne5 Nb6 9. Qb3 Bd6 10. 0-0 0-0 11. a4 a5 12. f3 Be6 13. Nb5 Bb8 14. Qd1 Qe7 15. b3 Rc8 16. Ba3 Qd8 17. Qd2 Nbd7 18. f4 Qb6 19. e3 Bf5 20. h3 h5 21. Rac1 Re8 22. Kh2 Qe6 23. Rc3 Rd8 24. Nxd7 Qxd7 25. Rfc1 Ne8 26. Bf1 Ra6 27. Rc5 Rg6 28. Qc2 Qe6 1/2-1/2

[Event "Genova op 8th"]
[Site "Genova"]
[Date "2004.08.14"]
[Round "6"]
[White "Brancaleoni, Maurizio"]
[Black "Mola, Pietro"]
[Result "1/2-1/2"]
[WhiteElo "2298"]
[BlackElo "2306"]
[PlyCount "129"]
[EventDate "2004.08.09"]
[EventType "swiss"]
[EventRounds "9"]
[EventCountry "ITA"]
[SourceTitle "CBM 101 Extra"]
[Source "ChessBase"]
[SourceDate "2004.09.01"]
[SourceVersion "2"]
[SourceVersionDate "2004.09.01"]
[SourceQuality "1"]

1. Nf3 Nf6 2. c4 b6 3. g3 Bb7 4. d4 e6 5. Bg2 c5 6. d5 exd5 7. Nh4 g6 8. Nc3 Bg7 9. 0-0 0-0 10. Nxd5 Bxd5 11. Bxd5 Nxd5 12. Qxd5 Nc6 13. Bg5 Qe8 14. Qd2 Nd4 15. Rfe1 Qe6 16. Rac1 Rfe8 17. Be3 d5 18. Bxd4 cxd4 19. c5 bxc5 20. Rxc5 Rac8 21. b4 Qe4 22. Nf3 Bf8 23. Rxc8 Rxc8 24. Nxd4 Rc4 25. Rd1 Bxb4 26. Qd3 Bc5 27. Nb3 Bb6 28. e3 Rc2 29. Qxe4 dxe4 30. Rd2 Rxd2 31. Nxd2 f5 32. h3 Kf7 33. g4 Ke6 34. gxf5+ gxf5 35. Kf1 Kd5 36. Ke2 Ba5 37. Kd1 Bc3 38. Nf1 Be5 39. Ng3 Ke6 40. Ke2 Bf6 41. f3 Bh4 42. Nf1 Kd5 43. fxe4+ fxe4 44. Kd2 Kc4 45. Kc2 Be1 46. Nd2+ Kd5 47. Nf1 Bf2 48. Kb3 Be1 49. Kc2 Ba5 50. Kd1 Bb6 51. Kd2 Ke5 52. Ke2 Bc7 53. Ke1 Kf5 54. Kf2 Bd8 55. Ng3+ Ke5 56. Ke2 Bh4 57. Nf1 Kf5 58. Nd2 Be7 59. Kf2 Bb4 60. Nf1 Ke5 61. Ke2 Kd5 62. Kd1 Kd6 63. Ke2 Kc5 64. Kd1 Kc6 65. Kc2 1/2-1/2

[Event "ITA-ch 63rd"]
[Site "Arvier"]
[Date "2003.12.03"]
[Round "9"]
[White "Castaldo, Folco"]
[Black "Mola, Pietro"]
[Result "1/2-1/2"]
[WhiteElo "2336"]
[BlackElo "2317"]
[PlyCount "20"]
[EventDate "2003.11.25"]
[EventType "tourn"]
[EventRounds "9"]
[EventCountry "ITA"]
[EventCategory "4"]
[SourceTitle "CBM 097 Extra"]
[Source "ChessBase"]
[SourceDate "2004.01.13"]
[SourceVersion "1"]
[SourceVersionDate "2004.01.13"]
[SourceQuality "1"]

1. g3 g6 2. Bg2 Bg7 3. f4 f5 4. Nf3 Nf6 5. 0-0 0-0 6. d3 d6 7. c3 c6 8. Na3 Na6 9. Nc2 Nc7 10. Bd2 a5 1/2-1/2

[Event "ITA-ch 63rd"]
[Site "Arvier"]
[Date "2003.12.01"]
[Round "7"]
[White "Mola, Pietro"]
[Black "Cacco, Christian"]
[Result "0-1"]
[WhiteElo "2317"]
[BlackElo "2340"]
[PlyCount "54"]
[EventDate "2003.11.25"]
[EventType "tourn"]
[EventRounds "9"]
[EventCountry "ITA"]
[EventCategory "4"]
[SourceTitle "CBM 097 Extra"]
[Source "ChessBase"]
[SourceDate "2004.01.13"]
[SourceVersion "1"]
[SourceVersionDate "2004.01.13"]
[SourceQuality "1"]

1. e4 g6 2. d4 Bg7 3. Nf3 d6 4. Bc4 a6 5. 0-0 b5 6. Bb3 e6 7. Bg5 Ne7 8. a4 b4 9. Nbd2 h6 10. Be3 0-0 11. Re1 Nd7 12. c3 Rb8 13. h3 c5 14. Bf4 bxc3 15. bxc3 cxd4 16. cxd4 e5 17. dxe5 Nxe5 18. Nxe5 dxe5 19. Be3 Nc6 20. Bc5 Re8 21. Rb1 Be6 22. Bxe6 Rxe6 23. Rxb8 Qxb8 24. Qb1 Qc8 25. Rc1 Qd7 26. Rd1 Nd4 27. a5 Ne2+ 0-1

[Event "ITA-ch 63rd"]
[Site "Arvier"]
[Date "2003.11.26"]
[Round "2"]
[White "Aldrovandi, Costantino"]
[Black "Mola, Pietro"]
[Result "1/2-1/2"]
[WhiteElo "2414"]
[BlackElo "2317"]
[PlyCount "168"]
[EventDate "2003.11.25"]
[EventType "tourn"]
[EventRounds "9"]
[EventCountry "ITA"]
[EventCategory "4"]
[SourceTitle "CBM 097 Extra"]
[Source "ChessBase"]
[SourceDate "2004.01.13"]
[SourceVersion "1"]
[SourceVersionDate "2004.01.13"]
[SourceQuality "1"]

1. c4 e5 2. g3 Nf6 3. Bg2 c6 4. d4 exd4 5. Qxd4 d5 6. cxd5 cxd5 7. Nf3 Nc6 8. Qa4 Bc5 9. 0-0 0-0 10. Bg5 Re8 11. Nc3 d4 12. Rad1 h6 13. Qc4 Bb6 14. Bxf6 Qxf6 15. Nd5 Qe6 16. Nxb6 axb6 17. Qxe6 Bxe6 18. Nxd4 Nxd4 19. Rxd4 Rxa2 20. Rb4 b5 21. Rd1 Bc4 22. e3 b6 23. Bd5 Re5 24. Bxc4 bxc4 25. Rxb6 c3 26. bxc3 Rf5 27. Rf1 Rc5 28. Rb3 Rc2 29. Kg2 h5 30. h3 g6 31. g4 hxg4 32. hxg4 R5xc3 33. Rxc3 Rxc3 34. g5 Rc5 35. f4 Rc3 36. Kf3 Ra3 37. Rd1 Kf8 38. Rd7 Ke8 39. Rc7 Ra4 40. Ke2 Ra3 41. Kd2 Rb3 42. Rc3 Rb2+ 43. Kd3 Ke7 44. Kd4 Ra2 45. Rc5 Kd6 46. Rc4 Ra7 47. Rb4 Rd7 48. Rb6+ Ke7+ 49. Ke5 Ra7 50. Rb5 Kf8 51. Kd6 Ra6+ 52. Kd5 Ra7 53. e4 Rd7+ 54. Ke5 Re7+ 55. Kd4 Ra7 56. Kc5 Rd7 57. Rb6 Rd1 58. Rf6 Ke7 59. Kc4 Rd2 60. Kc3 Rd1 61. Kc2 Rd4 62. e5 Re4 63. Kd3 Re1 64. Ra6 Rf1 65. Ke3 Re1+ 66. Kf2 Re4 67. Rf6 Ke8 68. Kg3 Ke7 69. Rd6 Re1 70. Rb6 Re2 71. Rb7+ Ke6 72. Kf3 Re1 73. Rb6+ Ke7 74. Ra6 Kd7 75. Ra8 Ke7 76. Rh8 Ke6 77. Rh7 Rf1+ 78. Ke4 Re1+ 79. Kd4 Rd1+ 80. Ke3 Re1+ 81. Kf2 Re4 82. Kg3 Re3+ 83. Kg4 Re1 84. Kg3 Re3+ 1/2-1/2

[Event "ITA-ch 63rd"]
[Site "Arvier"]
[Date "2003.11.25"]
[Round "1"]
[White "Mola, Pietro"]
[Black "Contin, Daniel"]
[Result "0-1"]
[WhiteElo "2317"]
[BlackElo "2377"]
[PlyCount "96"]
[EventDate "2003.11.25"]
[EventType "tourn"]
[EventRounds "9"]
[EventCountry "ITA"]
[EventCategory "4"]
[SourceTitle "CBM 097 Extra"]
[Source "ChessBase"]
[SourceDate "2004.01.13"]
[SourceVersion "1"]
[SourceVersionDate "2004.01.13"]
[SourceQuality "1"]

1. e4 e6 2. d4 d5 3. Nd2 Be7 4. Ngf3 Nf6 5. e5 Nfd7 6. Bd3 b6 7. 0-0 Ba6 8. Bxa6 Nxa6 9. Qe2 Qc8 10. c4 dxc4 11. Nxc4 Qb7 12. Bg5 Bxg5 13. Nxg5 h6 14. Ne4 0-0 15. Qg4 Kh8 16. Rad1 Nb4 17. a3 Nd5 18. Rd3 Qc6 19. Rg3 Rg8 20. Ncd2 f5 21. exf6 N7xf6 22. Nxf6 Nxf6 23. Qg6 Qe8 24. Qc2 Nd5 25. Re1 Rf8 26. Nf3 Rf6 27. Ne5 Qh5 28. h3 Qf5 29. Qd2 Qf4 30. Qxf4 Nxf4 31. Rf3 Kg8 32. Ng4 Rf7 33. Rc3 Nd5 34. Rc6 Rf4 35. Rd1 Re4 36. Rd2 Rf8 37. f3 Re1+ 38. Kf2 Re4 39. Ne5 Rff4 40. Rxe6 Rxd4 41. Re2 a5 42. Nc6 Rd1 43. Re8+ Rf8 44. Rxf8+ Kxf8 45. Rc2 Nf4 46. Ne5 g5 47. Ke3 Re1+ 48. Kd4 c5+ 0-1

[Event "ITA-ch sf"]
[Site "San Martino di Castrozza"]
[Date "2003.06.26"]
[Round "6"]
[White "Mola, Pietro"]
[Black "Scalcione, Michelangelo"]
[Result "1-0"]
[WhiteElo "2265"]
[BlackElo "2366"]
[PlyCount "135"]
[EventDate "2003.06.21"]
[EventType "swiss"]
[EventRounds "9"]
[EventCountry "ITA"]
[SourceTitle "EXT 2005"]
[Source "ChessBase"]
[SourceDate "2004.11.15"]
[SourceVersion "1"]
[SourceVersionDate "2004.11.15"]
[SourceQuality "1"]

1. d4 d5 2. c4 c6 3. Nf3 Nf6 4. Nc3 e6 5. e3 Nbd7 6. Qc2 Bd6 7. Bd3 0-0 8. 0-0 e5 9. cxd5 cxd5 10. e4 exd4 11. Nxd5 Nxd5 12. exd5 h6 13. Nxd4 Bxh2+ 14. Kxh2 Qh4+ 15. Kg1 Qxd4 16. Qc4 Qxc4 17. Bxc4 Ne5 18. Bb3 Bf5 19. Be3 Nd3 20. Rab1 b6 21. Rfd1 Rac8 22. Kf1 Rfd8 23. f3 Re8 24. Bd4 Nf4 25. Rbc1 Bd3+ 26. Kf2 Rxc1 27. Rxc1 Re2+ 28. Kg3 g5 29. Rg1 Bf5 30. Bd1 Rd2 31. Be3 Nh5+ 32. Kh2 Rxb2 33. Bb3 Re2 34. Bc1 Nf6 35. Rd1 g4 36. fxg4 Nxg4+ 37. Kg3 Nf2 38. Rd4 Nd3 39. Bxh6 Be4 40. d6 Rxg2+ 41. Kh4 Nf2 42. Rxe4 Nxe4 43. d7 Rh2+ 44. Kg4 Nf6+ 45. Kg3 Nxd7 46. Kxh2 Kh7 47. Bf4 Kg6 48. Kg3 Kf6 49. Kf3 Ke7 50. Ke3 Nc5 51. Bd5 f6 52. Bb8 Kd7 53. Bg3 Kc8 54. Kd4 a6 55. Bd6 Nd7 56. Be6 Kd8 57. Kd5 Ne5 58. Bxe5 fxe5 59. Kc6 b5 60. Kb6 b4 61. Kxa6 Ke7 62. Bg4 Kd6 63. Bf3 Kc7 64. Kb5 Kb8 65. Be4 Ka7 66. Kxb4 Ka6 67. a4 Kb6 68. a5+ 1-0

[Event "ITA-ch sf"]
[Site "San Martino di Castrozza"]
[Date "2003.06.21"]
[Round "1"]
[White "Sorcinelli, Francesco"]
[Black "Mola, Pietro"]
[Result "0-1"]
[WhiteElo "1962"]
[BlackElo "2265"]
[PlyCount "68"]
[EventDate "2003.06.21"]
[EventType "swiss"]
[EventRounds "9"]
[EventCountry "ITA"]
[SourceTitle "EXT 2005"]
[Source "ChessBase"]
[SourceDate "2004.11.15"]
[SourceVersion "1"]
[SourceVersionDate "2004.11.15"]
[SourceQuality "1"]

1. e4 c5 2. Nc3 d6 3. f4 Nc6 4. Nf3 g6 5. Bc4 Bg7 6. 0-0 e6 7. f5 exf5 8. d3 Nf6 9. Qe1 0-0 10. Qh4 Be6 11. Bg5 Bxc4 12. dxc4 h6 13. Bxh6 Nxe4 14. Qxd8 Raxd8 15. Bxg7 Kxg7 16. Nxe4 fxe4 17. Ng5 Rde8 18. Rad1 Re5 19. Nh3 Rd8 20. Nf4 a6 21. Rfe1 b5 22. cxb5 axb5 23. Nd5 Nd4 24. c3 Rxd5 25. cxd4 f5 26. dxc5 Rxc5 27. Rd4 Kf6 28. Red1 Ke6 29. R1d2 d5 30. h4 Rc4 31. Kf2 Ke5 32. Rxc4 bxc4 33. g3 d4 34. Rd1 Rb8 0-1

[Event "Bratto op 22nd"]
[Site "Bratto"]
[Date "2002.08.25"]
[Round "6"]
[White "Mola, Pietro"]
[Black "Campanile, Antonio"]
[Result "1/2-1/2"]
[WhiteElo "2277"]
[BlackElo "2140"]
[PlyCount "34"]
[EventDate "2002.08.20"]
[EventType "swiss"]
[EventRounds "9"]
[EventCountry "ITA"]
[SourceTitle "EXT 2003"]
[Source "ChessBase"]
[SourceDate "2002.11.25"]
[SourceVersion "1"]
[SourceVersionDate "2002.11.25"]
[SourceQuality "1"]

1. e4 d5 2. exd5 Qxd5 3. Nc3 Qd6 4. d4 Nf6 5. Nf3 a6 6. Be3 Bf5 7. Bd3 Bg6 8. Qd2 Bxd3 9. Qxd3 Nc6 10. 0-0-0 e6 11. Rhe1 0-0-0 12. Bg5 Be7 13. Kb1 Qd7 14. h3 h6 15. Bh4 g5 16. Bg3 Bd6 17. Bxd6 Qxd6 1/2-1/2

[Event "Genova op 6th"]
[Site "Genova"]
[Date "2002.08.04"]
[Round "2"]
[White "Mola, Pietro"]
[Black "Rovatti, Paolo Guglielmo"]
[Result "1-0"]
[WhiteElo "2277"]
[BlackElo "2004"]
[PlyCount "89"]
[EventDate "2002.08.03"]
[EventType "swiss"]
[EventRounds "9"]
[EventCountry "ITA"]
[SourceTitle "CBM 089 Extra"]
[Source "ChessBase"]
[SourceDate "2002.09.10"]
[SourceVersion "2"]
[SourceVersionDate "2002.09.10"]
[SourceQuality "1"]

1. e4 c5 2. Nf3 e6 3. c3 b6 4. d4 Bb7 5. Bd3 Nf6 6. Nbd2 Nc6 7. a3 Be7 8. 0-0 Na5 9. Re1 c4 10. Bc2 0-0 11. e5 Bxf3 12. Qxf3 Ne8 13. Rb1 d5 14. Qh3 g6 15. Nf3 Ng7 16. Bh6 Nc6 17. Qg4 b5 18. Re3 Nf5 19. Bxf5 exf5 20. Qf4 Re8 21. Rbe1 Qc7 22. Qg3 Nd8 23. Nh4 Bxh4 24. Qxh4 Ne6 25. f4 Qe7 26. Qh3 a5 27. g4 fxg4 28. Qxg4 Kh8 29. Kh1 b4 30. axb4 axb4 31. f5 gxf5 32. Qxf5 bxc3 33. bxc3 Rg8 34. Rh3 Rg6 35. Rf1 Rag8 36. Be3 Qa3 37. Qxf7 Nf8 38. Qxd5 Qxc3 39. Qf3 Qd3 40. d5 c3 41. e6 Nxe6 42. dxe6 Rxe6 43. Bc5 Qd2 44. Bb4 Re1 45. Bxc3+ 1-0

[Event "ITA-ch sf"]
[Site "Arvier"]
[Date "2002.06.26"]
[Round "5"]
[White "Mola, Pietro"]
[Black "Iotti, Pierluigi"]
[Result "1/2-1/2"]
[WhiteElo "2277"]
[BlackElo "2291"]
[PlyCount "89"]
[EventDate "2002.06.22"]
[EventType "swiss"]
[EventRounds "9"]
[EventCountry "ITA"]
[SourceTitle "CBM 089 Extra"]
[Source "ChessBase"]
[SourceDate "2002.09.10"]
[SourceVersion "2"]
[SourceVersionDate "2002.09.10"]
[SourceQuality "1"]

1. e4 e6 2. d4 d5 3. Nc3 Bb4 4. e5 c5 5. a3 Bxc3+ 6. bxc3 Ne7 7. Nf3 b6 8. a4 Ba6 9. Bxa6 Nxa6 10. 0-0 0-0 11. Qe2 Nb8 12. dxc5 bxc5 13. c4 Qc7 14. cxd5 Nxd5 15. c4 Nb4 16. Qe4 Qc6 17. Qg4 Kh8 18. Bg5 f6 19. exf6 gxf6 20. Bh4 Nd7 21. Rad1 Rf7 22. Qf4 e5 23. Qf5 Kg8 24. Nd2 Re8 25. Ne4 Qe6 26. Qh5 Ref8 27. Nd6 Rg7 28. Nf5 Rg6 29. Rd6 Qe8 30. Qe2 Nb6 31. a5 Nc8 32. Rd2 Qe6 33. Qe4 Nc6 34. Bg3 Re8 35. Rd5 Nxa5 36. Rxc5 Nb3 37. Rc6 Qd7 38. Qd5+ Qxd5 39. cxd5 Ne7 40. Nxe7+ Rxe7 41. Rb1 Nd4 42. Ra6 Ne2+ 43. Kf1 Nxg3+ 44. hxg3 f5 45. d6 1/2-1/2